Normal view
MARC view
- Modern analytic and computational methods in science and mathematics.
Entry Uniform Title
001 - CONTROL NUMBER
- control field: 8540
003 - CONTROL NUMBER IDENTIFIER
- control field: NUST
005 - DATE AND TIME OF LATEST TRANSACTION
- control field: 20180117115159.0
008 - FIXED-LENGTH DATA ELEMENTS
- fixed length control field: 180117|| aca||aabn | a|a d
040 ## - CATALOGING SOURCE
- Original cataloging agency: NUST
- Transcribing agency: NUST
130 ## - HEADING--UNIFORM TITLE
- Uniform title: Modern analytic and computational methods in science and mathematics.
670 ## - SOURCE DATA FOUND
- Source citation: Work cat.: (NUST)28790: Mikhlin, S. G. 8539, Approximate methods for solution of differential and integral equations, /, 1967.
